Holodomor genocide recognition - Statistics

General Stats
  • This quiz has been taken 98 times
  • The average score is 8 of 16
Answer Stats
Countries % Correct
Ukraine
96%
Estonia
70%
Poland
70%
Latvia
68%
Lithuania
68%
Canada
67%
Australia
54%
Georgia
54%
Hungary
49%
Mexico
37%
Portugal
34%
Colombia
28%
Vatican City
27%
Peru
22%
Ecuador
20%
Paraguay
20%
No matching quizzes found
Score Distribution
Percent of People with Each Score
Percentile by Number Answered
Your Score History
You have not taken this quiz